| 000 | 00415nam a2200157Ia 4500 | ||
|---|---|---|---|
| 008 | 230718s9999 xx 000 0 und d | ||
| 041 | _aeng | ||
| 082 |
_a658.478 _bSAN |
||
| 100 | _aSangubhotia L. Ed. | ||
| 245 | _aBusiness Continuity Planning Concepts and Cases | ||
| 260 |
_c2004 _bICFAI Books |
||
| 300 | _a212 | ||
| 365 |
_cRs. _b350.00 |
||
| 700 | _aSangubhotia L. Ed. | ||
| 906 |
_d12/4/06/IPRESS/2006 _cIT |
||
| 999 |
_c313470 _d313470 |
||